1319 1532 1219 1156 1595 1802 1175 1014 1208 1269 1971 1106 1959 1050 1381 1586 2000 1907 1471 1454 1903 1950 1481 1637 1616 1966 1661 1061 1165 1280 1148 1247 1984 1366 1217 1520 1076 1197 1433 1245 1741 1636 1283 1021 1809 1996 1167 1105 1397 1605 1291 1734 1593 1925 1767 1075 1380 1910 1407 1111 1231 1173 1350 1549 1750 1360 1278 1409 1025 1898 1503 1299 1683 1547 1139 1307 1766 1770 1759 1862 1473 1549 1317 1622 1291 1134 1493 1677 1643 1266 1882 1153 1053 1762 1242 1320 1847 1466 1827 BCNSPRNW ULIB Ver.6.0+V

เปลี่ยนเป็นภาษาไทย

Change to English
 แสดงรายละเอียดบรรณานุกรม
  กลับหน้าหลัก

Brief Record : Get Marc (ISO 2709) : E-mail record : QR code < ปิดหน้าต่าง
LEADER : 00000nam 2200000uu 4500
001    13399115029
003     ULIB
008    020711s2552 th a 000 0 tha d
020    ^a9786160800858
082 04 ^aรส.^bฮ359C
090    ^aรส.^bฮ359C
245    ^aซินเดอเรลลา /^c
260    ^aกรุงเทพฯ :^bซีเอ็ด,^c2552
300    104 หน้า
500    ชุดอ่านอังกฤษ เก่งอังกฤษ
501    Stage 1
945    ^p125^l0^i028956
999 ^a ทศพร
รายการนี้ยังไม่มีแท็ก
คุณยังไม่ได้ล็อกอิน คุณสามารถมีกิจกรรมร่วมกับเว็บไซต์ได้ แต่ต้องล็อกอินก่อน ::
  ล็อกอิน

รายการสื่อสารสนเทศ

ลำดับที่ ประเภท เลขเรียก/บาร์โค้ด สถานที่ สถานะ
1. นวนิยาย
นวนิยาย
รส. ฮ359C รส. ฮ359C ฉ.1 
  Barcode: 028956
ห้องสมุดวิทยาเขตสวรรค์ประชารักษ์
►นวนิยาย
บนชั้น
  ขอยืม

รายการใกล้เคียง
    ผู้แต่ง []

BibComment


ยังไม่เคยถูกคอมเมนท์

คอมเมนท์ทรัพยากรรายการนี้
  คอมเมนท์: ซินเดอเรลลา


 Copyright 2026. Bcnsprnw @Library